000 00707nam a22001337a 4500
008 110617t xxu||||| |||| 00| 0 eng d
010 _aCACAF54
245 _aThe Court of Appeal Civil Appeal No. 45 of 1998 Non. Performing Assets Recovery Trust Vs General Parts (U) Ltd.
260 _c1998
500 _aCoram: Hon. Mr. Justice G.M. Okello, J.A Hon. Mr. Justice S.G. Engwau, J.A. and Hon. Mr. Justice A. Twinomujuni, J.A.
500 _aArising out of Civil Application No. 30 of 1998.
999 _c3225
_d3225